000
00303nam a22001337a 4500
008
170316b xxu||||| |||| 00| 0 eng d
020
_a
9780750675062
041
_a
eng
080
_a
616.8
100
_a
7
101
_a
SHM
245
_a
INTRODUCTION TO CLINICAL NEUROLOOGY
_c
GELB, D.J
942
_2
udc
_c
BK
999
_c
7983
_d
7983